Očista těla a správná výživa [unikátní metodika uzdravení : produkce energie v tlustém střevě, přechod na systém správné výživy, správná kombinace potravin, detoxikace]

Bibliographic Details
Main Author: Malachov, Gennadij Petrovič, 1954- (Author)
Other Authors: Kramlová, Anděla (Translator)
Format: Book
Language:Czech
Russian
PhysicalDescription:202 s. ilustr., sch., tab. 20 cm
Published: Bratislava Eugenika 2005
ISBN:8089227120
Edition:1. vyd.
Subjects:

MARC

LEADER 00000nam a2200000 a 4500
001 vtls008889441
003 SK-MaSNL
005 20260302004909.0
008 240314s2005 xo al g 000 0 cze
020 |a 8089227120  |q (brož.) 
040 |a SNK  |b slo  |c SNK  |e AACR2 
041 1 |a cze  |h rus 
044 |a xo  |c SK 
072 7 |a 615.8  |x Fyzioterapia. Psychoterapia. Alternatívna medicína  |2 konspekt 
080 |a 615.8  |2 2001 
080 |a 613.2  |2 2001 
080 |a 615.8-022.214  |2 2001 
080 |a 615.8:615.279  |2 2001 
080 |a (035)  |2 2001 
100 1 |a Malachov, Gennadij Petrovič,  |d 1954-  |4 aut  |9 98927 
240 1 0 |a Očiščenije organizma i pravil'noje pitanije  |l Česky 
245 1 0 |a Očista těla a správná výživa  |b [unikátní metodika uzdravení : produkce energie v tlustém střevě, přechod na systém správné výživy, správná kombinace potravin, detoxikace]  |c Gennadij Malachov ; [z ruského originálu přeložila Anděla Kramlová] 
250 |a 1. vyd. 
260 |a Bratislava  |b Eugenika  |c 2005 
300 |a 202 s.  |b ilustr., sch., tab.  |c 20 cm 
504 |a Bibliogr. s. 202. Vysvetl. 
650 0 7 |a alternatívna medicína  |2 SNKPH  |9 901 
650 0 7 |a zdravá výživa  |2 SNKPH  |9 66259 
650 0 7 |a autoterapia  |2 SNKPH  |9 68683 
650 0 7 |a detoxikácia organizmu  |2 SNKPH  |9 3800 
650 0 7 |a Alternative medicine  |2 SNKPHeng  |9 313599 
650 0 7 |a Healthy eating  |2 SNKPHeng  |9 267865 
650 0 7 |a Autotherapy  |2 SNKPHeng  |9 313945 
650 0 7 |a Detoxification (health)  |2 SNKPHeng  |9 324912 
655 7 |a príručky  |2 SNKPH  |9 74364 
655 7 |a Handbooks, manuals, etc.  |2 SNKPHeng  |9 90964 
700 1 |a Kramlová, Anděla  |4 trl  |9 305569 
919 |a 80-89227-12-0 
999 |c 997608  |d 999538 
952 |a SNK  |b SNK  |y PREZ  |7 0  |p 17A0531844  |o snkSD 76072  |i snk2006/25721  |8 0  |0 0  |1 0  |4 0  |d 2006-12-11  |l 0  |r 2025-11-24 00:00:00  |w 2026-02-24